000 00997cab a2200265 4500
001 ABS47016
008 090401t1992 xxu||||| |||| 00| 0 eng d
035 _a(Sirsi) u60411
041 _aeng
100 _aPickavance, K.
245 4 _aThe swimming pool liability
260 _c1992
350 _a0
490 _aArchitects` Journal
_v196(11) 16 September 1992, 34-35(2)
520 _aWarns of the pitfalls of the JCT Minor Works Agreement. Describes a case in which an architectural practice was held responsible for unsuitable work based on contractors` design for a project to design and construct an outdoor swimming pool. ("Haulfryn Estate Co Ltd v Leonard J Multon and Partners and Frontwide Limited")
650 _aAGREEMENT FOR MINOR BUILDING WORKS
650 _aARCHITECTS
650 _aDEFECTIVE DESIGN
650 _aLIABILITY
650 _aMW80
650 _aSPECIFICATION
690 _aBUILT ENVIRONMENT-BUILDING CONTRACT FORMS
942 _n0
948 _c04/03/1997
999 _c37251
_d37251